Children's Sunday school work. (Record no. 16137)

000 -LEADER
fixed length control field 00594nam a2200193 a 4500
001 - CONTROL NUMBER
control field :::00018839$&:&@@
003 - CONTROL NUMBER IDENTIFIER
control field OkBaRHE
005 - DATE AND TIME OF LATEST TRANSACTION
control field 20010110130546.0
008 - FIXED-LENGTH DATA ELEMENTS--GENERAL INFORMATION
fixed length control field s1974 j 000 0 eng u
040 ## - CATALOGING SOURCE
Transcribing agency
100 1# - MAIN ENTRY--PERSONAL NAME
Personal name Chamberlain, Eugene
245 10 - TITLE STATEMENT
Title Children's Sunday school work.
260 ## - PUBLICATION, DISTRIBUTION, ETC. (IMPRINT)
Place of publication, distribution, etc Nashville, TN., :
Name of publisher, distributor, etc Convention Press
Date of publication, distribution, etc c1974
300 ## - PHYSICAL DESCRIPTION
Extent 172 p.
650 ## - SUBJECT ADDED ENTRY--TOPICAL TERM
Topical term or geographic name as entry element Church Work with Children
700 ## - ADDED ENTRY--PERSONAL NAME
Personal name Fulbright, Robert G., Joint author.
942 ## - ADDED ENTRY ELEMENTS (KOHA)
Source of classification or shelving scheme
Koha item type Books
Copies
Date last seen Barcode Koha item type Copy number Date acquired Shelving location Full call number Permanent Location Damaged status Source of classification or shelving scheme Price effective from Lost status Not for loan Withdrawn status
2010-04-1418839Books12010-04-14General StacksBV 639 .C4F8RHEMA Bible Training College  2010-04-14